The state of Food and agriculture : Migration,Agriculture and rural development (Record no. 21023)

000 -LEADER
fixed length control field 00599cam a2200169Ia 4500
040 ## - CATALOGING SOURCE
Transcribing agency GPO
082 ## - DEWEY DECIMAL CLASSIFICATION NUMBER
Classification number 334 FAO 2018 A042 Or.
245 00 - TITLE STATEMENT
Title The state of Food and agriculture : Migration,Agriculture and rural development
260 ## - PUBLICATION, DISTRIBUTION, ETC. (IMPRINT)
Place of publication [Washington, D.C.?] :
Name of publisher United States General Accounting Office, Resources, Community, and Economic Development Division,
Year of publication 1993.
300 ## - PHYSICAL DESCRIPTION
Number of Pages 6 p. ;
Dimensions 22 x 11 cm.
500 ## - GENERAL NOTE
General note "June 1993."
500 ## - GENERAL NOTE
General note Shipping list no.: 93-0434-P.
650 #0 - SUBJECT ADDED ENTRY--TOPICAL TERM
Topical Term Agriculture and state
650 #0 - SUBJECT ADDED ENTRY--TOPICAL TERM
Topical Term Agricultural administration
710 1# - ADDED ENTRY--CORPORATE NAME
Corporate name or jurisdiction name as entry element United States.
942 ## - ADDED ENTRY ELEMENTS (KOHA)
Koha item type ADB
952 ## - LOCATION AND ITEM INFORMATION (KOHA)
Withdrawn status [LOCAL, KOHA] 0
Holdings
Permanent Location Date acquired Koha item type Lost status Shelving location Barcode Current Location Full call number
Library Block A2023-02-03ADB A042a071073Library Block A334 FAO 2018 A042 Or.
មជ្ឈមណ្ឌលឯការនៃសាកលវិទ្យាល័យភូមិន្ទកសិកម្មចំការដូង

Powered by Koha